| 000 | 00549nam a2200193 a 4500 | ||
|---|---|---|---|
| 001 | 1772447158644 | ||
| 003 | YourLibrary | ||
| 005 | 20260302160218.0 | ||
| 008 | 260302s1995##################000#0#eng## | ||
| 020 | _a9780198291930 | ||
| 082 | 0 | 4 |
_a327.17405 _bSIP |
| 100 | 1 |
_aInstitute, Stockholm International Peace Research, _eauthor. |
|
| 245 | 1 | 0 | _aSIPRI Yearbook 1995 : |
| 260 |
_bOxford University Press, USA, _c1995. |
||
| 300 | _a920 pages | ||
| 650 | 0 | _aArms and armaments. | |
| 942 | _cENGLISH | ||
| 040 |
_aYourLibrary _beng _cYourLibrary |
||
| 999 |
_c616551 _d616551 |
||